Rechtswissenschaft an der Universität Konstanz: Rückblick auf die Wechselbäder der Reform

Guardado en:  
Detalles Bibliográficos
Autor principal: Heinz, Wolfgang 1942- (Autor)
Tipo de documento: Print Artículo
Lenguaje:Lengua no determinada
Publicado: 1988
En: Zwischenbilanz
Año: 1988, Páginas: 401-429
Disponibilidad en Tübingen:Disponible en Tübingen.
IFK: 4464
Verificar disponibilidad: HBZ Gateway
Palabras clave:

MARC

LEADER 00000caa a22000002c 4500
001 1349767131
003 DE-627
005 20220527140253.0
007 tu
008 080506s1988 xx ||||| 00| ||und c
020 |a 3879403376 
035 |a (DE-627)1349767131 
035 |a (DE-576)279767137 
035 |a (DE-599)BSZ279767137 
040 |a DE-627  |b ger  |c DE-627  |e rakwb 
100 1 |a Heinz, Wolfgang  |d 1942-  |0 (DE-588)131999648  |0 (DE-627)516481274  |0 (DE-576)161362494  |4 aut 
109 |a Heinz, Wolfgang 1942- 
245 1 0 |a Rechtswissenschaft an der Universität Konstanz  |b Rückblick auf die Wechselbäder der Reform 
264 1 |c 1988 
336 |a Text  |b txt  |2 rdacontent 
337 |a ohne Hilfsmittel zu benutzen  |b n  |2 rdamedia 
338 |a Band  |b nc  |2 rdacarrier 
773 0 8 |i In  |t Zwischenbilanz  |d Konstanz : Univ.-Verlag Konstanz, 1988  |g (1988), Seite 401-429  |h XV, 498 S.  |w (DE-627)274414783  |w (DE-576)014221217  |z 3879403376  |7 nnam 
773 1 8 |g year:1988  |g pages:401-429 
951 |a AR 
ELC |b 1 
LOK |0 000 xxxxxcx a22 zn 4500 
LOK |0 001 2766798854 
LOK |0 003 DE-627 
LOK |0 004 1349767131 
LOK |0 005 20130828165025 
LOK |0 008 130828||||||||||||||||ger||||||| 
LOK |0 040   |a DE-21-110  |c DE-627  |d DE-21-110 
LOK |0 689   |a s  |a Juristenausbildung 
LOK |0 852   |a DE-21-110 
LOK |0 852 1  |c 4464  |m p  |9 00 
LOK |0 935   |a k110 
LOK |0 938   |k p 
LOK |0 939   |a 28-08-13  |b l01 
ORI |a SA-MARC-krimdoka001.raw 
SIG |a IFK: 4464